Giờ G

Bewaard in:
Bibliografische gegevens
Hoofdauteur: Agatha Christie
Formaat: Boek
Taal:Undetermined
Gepubliceerd in: Hà Nội Hội Nhà Văn 1999
Onderwerpen:
Tags: Voeg label toe
Geen labels, Wees de eerste die dit record labelt!
Thư viện lưu trữ: Trung tâm Học liệu Trường Đại học Cần Thơ
LEADER 00539nam a2200193Ia 4500
001 CTU_42145
008 210402s9999 xx 000 0 und d
020 |b 29.000đ 
082 |a 823.9 
082 |b C555g 
100 |a Agatha Christie 
245 0 |a Giờ G 
245 0 |c Agatha Christie 
260 |a Hà Nội 
260 |b Hội Nhà Văn 
260 |c 1999 
650 |a english fiction ( vietnamese ),english literature - 20th century 
904 |i Minh, 010704 
980 |a Trung tâm Học liệu Trường Đại học Cần Thơ